[Event "Casino"]
[Site "Barcelona ESP"]
[Date "2007.10.26"]
[Round "9"]
[White "Illescas Cordoba, M."]
[Black "Dominguez Perez, L."]
[Result "1/2-1/2"]
[WhiteElo "2598"]
[BlackElo "2683"]
[PlyCount "49"]
[EventDate "2007.10.18"]
[Source "www.chesslib.no"]
[SourceDate "2004.05.04"]

1. d4 Nf6 2. c4 g6 3. Nc3 d5 4. cxd5 Nxd5 5. e4 Nxc3 6. bxc3 Bg7 7. Nf3 c5 8. Bb5+ Nc6 9. O-O cxd4 10. cxd4 O-O 11. Be3 Bg4 12. Bxc6 bxc6 13. Rc1 Qa5 14. Qd2 Qxd2 15. Nxd2 Rfd8 16. Nb3 a5 17. f3 Be6 18. Nc5 Bxd4 19. Bxd4 Rxd4 20. Nxe6 fxe6 21. Rxc6 Rd2 22. Rf2 Rd1+ 23. Rf1 Rd2 24. Rf2 Rd1+ 25. Rf1 1/2-1/2

[Event "Cup World (select)"]
[Site "?"]
[Date "1990.??.??"]
[Round "?"]
[White "Gelfand, Boris"]
[Black "Ivanchuk, Vassily"]
[Result "1/2-1/2"]
[WhiteElo "2615"]
[BlackElo "2665"]
[PlyCount "41"]
[EventDate "1990.??.??"]
[Source "www.chesslib.no"]
[SourceDate "2004.05.04"]

1. d4 Nf6 2. c4 g6 3. Nc3 d5 4. cxd5 Nxd5 5. e4 Nxc3 6. bxc3 Bg7 7. Nf3 c5 8. Rb1 O-O 9. Be2 cxd4 10. cxd4 Qa5+ 11. Bd2 Qxa2 12. O-O Bg4 13. Be3 Nc6 14. d5 Ne5 15. Rxb7 e6 16. Re1 Bxf3 17. gxf3 Rfd8 18. d6 Qa3 19. d7 Qe7 20. Bb5 Qh4 21. Bf1 1/2-1/2

[Event "HUN-ch"]
[Site "Budapest"]
[Date "1997.10.25"]
[Round "5"]
[White "Chernin, Alexander"]
[Black "Leko, Peter"]
[Result "1/2-1/2"]
[WhiteElo "2640"]
[BlackElo "2635"]
[PlyCount "40"]
[EventDate "1997.10.21"]
[Source "ChessBase"]
[SourceDate "1998.01.31"]

1. d4 Nf6 2. c4 g6 3. Nc3 d5 4. cxd5 Nxd5 5. e4 Nxc3 6. bxc3 Bg7 7. Nf3 c5 8. Rb1 O-O 9. Be2 cxd4 10. cxd4 Qa5+ 11. Bd2 Qxa2 12. O-O Nd7 13. Re1 Nb6 14. h3 Bd7 15. Ra1 Qe6 16. Bd3 Rfd8 17. Qe2 Be8 18. Be3 Qd7 19. Ra5 Na4 20. Qd2 a6 1/2-1/2

[Event "XXIV ECC"]
[Site "Kallithea GRE"]
[Date "2008.10.23"]
[Round "7"]
[White "Pelletier, Y."]
[Black "Ni Hua"]
[Result "0-1"]
[WhiteElo "2557"]
[BlackElo "2710"]
[PlyCount "108"]
[EventDate "2008.10.17"]
[Source "www.chesslib.no"]
[SourceDate "2004.05.04"]

1. d4 Nf6 2. c4 g6 3. Nc3 d5 4. cxd5 Nxd5 5. e4 Nxc3 6. bxc3 Bg7 7. Nf3 c5 8. Rb1 O-O 9. Be2 Nc6 10. d5 Ne5 11. Nxe5 Bxe5 12. Qd2 e6 13. f4 Bc7 14. O-O exd5 15. exd5 Ba5 16. Ba3 b6 17. Rb5 Ba6 18. Rxa5 Bxe2 19. Qxe2 bxa5 20. Bxc5 Qxd5 21. Bxf8 Rxf8 22. f5 Rc8 23. Qf2 Rxc3 24. Qxa7 Rc2 25. Qb8+ Kg7 26. f6+ Kh6 27. Qg3 g5 28. a3 Rd2 29. h3 Kg6 30. Rf3 Rb2 31. Qe1 Qc5+ 32. Kh2 Qd6+ 33. Kh1 Rd2 34. Qe4+ Kh6 35. Rf1 Rd1 36. Rxd1 Qxd1+ 37. Kh2 Qd6+ 38. g3 Qd2+ 39. Kh1 Qc1+ 40. Kh2 Qb2+ 41. Kh1 Qxa3 42. Qe5 Qf3+ 43. Kh2 a4 44. h4 gxh4 45. gxh4 Qg4 46. Qe3+ Kh5 47. Qc5+ Kxh4 48. Qe7 Qg3+ 49. Kh1 Qf3+ 50. Kh2 Qf2+ 51. Kh1 Kg3 52. Qe5+ Qf4 53. Qe1+ Kg4 54. Qe7 Kf3 0-1

[Event "EUR-ASIA m 30'"]
[Site "Batumi"]
[Date "2001.09.17"]
[Round "1"]
[White "Dao Thien Hai"]
[Black "Van Wely, Loek"]
[Result "1/2-1/2"]
[WhiteElo "2572"]
[BlackElo "2695"]
[PlyCount "96"]
[EventDate "2001.09.17"]
[Source "ChessBase"]
[SourceDate "2001.02.01"]

1. d4 Nf6 2. c4 g6 3. Nc3 d5 4. cxd5 Nxd5 5. e4 Nxc3 6. bxc3 Bg7 7. Nf3 c5 8. Be3 Qa5 9. Qd2 Nc6 10. Rc1 cxd4 11. cxd4 Qxd2+ 12. Kxd2 O-O 13. d5 Rd8 14. Ke1 Na5 15. Bg5 Bd7 16. Bd3 Rdc8 17. Ke2 e6 18. Be3 exd5 19. exd5 Rd8 20. Rc5 b6 21. Rc7 Bc8 22. Ng5 Bg4+ 23. f3 Bd7 24. Ba6 h6 25. Ne4 f5 26. Nd2 Be8 27. Nc4 Rxd5 28. Nxa5 Rxa5 29. Bc4+ Kh8 30. Rd1 Ba4 31. Rd6 Be5 32. f4 Bxd6 33. Bd4+ Re5+ 34. Bxe5+ Bxe5 35. fxe5 Be8 36. Ke3 b5 37. Bd5 Rd8 38. Kd4 a5 39. e6 b4 40. Ke5 Rb8 41. Bc6 Bxc6 42. Rxc6 a4 43. Kf6 b3 44. axb3 axb3 45. Rc1 Kg8 46. Kxg6 b2 47. Rb1 f4 48. Kf6 Kf8 1/2-1/2

[Event "Groningen"]
[Site "?"]
[Date "1994.??.??"]
[Round "?"]
[White "Beliavsky, A."]
[Black "Sokolov, I."]
[Result "1-0"]
[WhiteElo "2640"]
[BlackElo "2625"]
[PlyCount "45"]
[EventDate "1994.??.??"]
[Source "ChessBase"]
[SourceDate "1994.10.01"]

1. d4 Nf6 2. c4 g6 3. Nc3 d5 4. cxd5 Nxd5 5. e4 Nxc3 6. bxc3 Bg7 7. Nf3 c5 8. Rb1 O-O 9. Be2 Qa5 10. O-O Qxc3 11. Bd2 Qa3 12. Qc2 Bd7 13. Rxb7 cxd4 14. Rc1 Ba4 15. Qb1 a5 16. Rc4 Bc6 17. Rb6 Qd6 18. Qc1 Rc8 19. e5 Qc7 20. Rb2 Nd7 21. Rbc2 Nxe5 22. Nxe5 Qxe5 23. Bd3 1-0

[Event "Reggio Emilia ITA"]
[Site "?"]
[Date "1996.??.??"]
[Round "2"]
[White "Chernin Alexander"]
[Black "Azmaiparashvili Zurab"]
[Result "1/2-1/2"]
[WhiteElo "2595"]
[BlackElo "2660"]
[PlyCount "42"]
[EventDate "1996.??.??"]
[Source "www.chesslib.no"]
[SourceDate "2004.05.04"]

1. d4 Nf6 2. c4 g6 3. Nc3 d5 4. cxd5 Nxd5 5. e4 Nxc3 6. bxc3 Bg7 7. Nf3 O-O 8. Rb1 c5 9. Be2 cxd4 10. cxd4 Qa5+ 11. Bd2 Qxa2 12. Bd3 Bg4 13. h4 e5 14. Bf4 Bc8 15. Bb5 Bf5 16. Bd3 Bh3 17. Kf1 Qe6 18. Ra1 Qc4 19. Qb1 a5 20. Qe1 Qxd4 21. Rxa5 Qd7 1/2-1/2

[Event "Elista ol (Men)"]
[Site "Elista"]
[Date "1998.10.07"]
[Round "9"]
[White "Polak, Tomas"]
[Black "Ivanchuk, Vassily"]
[Result "1/2-1/2"]
[WhiteElo "2525"]
[BlackElo "2730"]
[PlyCount "43"]
[EventDate "1998.09.29"]
[Source "ChessBase"]
[SourceDate "1998.11.06"]

1. d4 Nf6 2. c4 g6 3. Nc3 d5 4. cxd5 Nxd5 5. e4 Nxc3 6. bxc3 Bg7 7. Nf3 c5 8. Rb1 O-O 9. Be2 cxd4 10. cxd4 Qa5+ 11. Bd2 Qxa2 12. O-O b6 13. Qc1 Qe6 14. Qc2 Qd7 15. Rfc1 Ba6 16. Bxa6 Nxa6 17. Qc4 Qc8 18. Qxc8 Rfxc8 19. Rxc8+ Rxc8 20. Ra1 Nb8 21. Rxa7 Nc6 22. Rd7 1/2-1/2

[Event "SVK-ch"]
[Site "Kaskady"]
[Date "2002.07.06"]
[Round "10"]
[White "Khenkin, Igor"]
[Black "Sutovsky, Emil"]
[Result "1/2-1/2"]
[WhiteElo "2587"]
[BlackElo "2660"]
[PlyCount "68"]
[EventDate "2002.06.27"]
[Source "ChessBase"]
[SourceDate "2002.09.20"]

1. d4 Nf6 2. c4 g6 3. Nc3 d5 4. cxd5 Nxd5 5. e4 Nxc3 6. bxc3 Bg7 7. Nf3 c5 8. Be3 Qa5 9. Qd2 Nc6 10. Rb1 cxd4 11. cxd4 Qxd2+ 12. Kxd2 O-O 13. d5 Na5 14. Bc5 f5 15. Bxe7 Rf7 16. d6 fxe4 17. Ng5 Rxf2+ 18. Ke3 Rxa2 19. Bb5 Ra3+ 20. Kf4 h6 21. d7 hxg5+ 22. Kxg5 Bxd7 23. Bxa3 Bxb5 24. Rxb5 Nc4 25. Be7 b6 26. Rc1 Ne5 27. Bf6 Bxf6+ 28. Kxf6 Rf8+ 29. Kxe5 Rf5+ 30. Kxe4 Rxb5 31. Rc8+ Kg7 32. Rc7+ Kh6 33. Rxa7 Rb4+ 34. Kf3 Rb3+ 1/2-1/2

[Event "Neckar op 5th"]
[Site "Deizisau"]
[Date "2001.04.15"]
[Round "6"]
[White "Tregubov, Pavel V"]
[Black "Ftacnik, Lubomir"]
[Result "1/2-1/2"]
[WhiteElo "2628"]
[BlackElo "2618"]
[PlyCount "142"]
[EventDate "2001.04.12"]
[Source "ChessBase"]
[SourceDate "2001.05.06"]

1. d4 Nf6 2. c4 g6 3. Nc3 d5 4. cxd5 Nxd5 5. e4 Nxc3 6. bxc3 Bg7 7. Nf3 c5 8. Be3 Qa5 9. Qd2 Nc6 10. Rc1 cxd4 11. cxd4 Qxd2+ 12. Kxd2 O-O 13. d5 Rd8 14. Ke1 Na5 15. Bd3 Bd7 16. Ke2 e6 17. Rc5 b6 18. Rc7 exd5 19. exd5 Bc8 20. Ng5 Bg4+ 21. f3 Bd7 22. d6 h6 23. Ne4 f5 24. Nc3 Be6 25. Rd1 Rxd6 26. Nb5 Rd7 27. Bxf5 Bxf5 28. Rdxd7 Bxd7 29. Rxd7 Nc4 30. Bd4 Re8+ 31. Kf2 Bxd4+ 32. Nxd4 a6 33. g4 Rf8 34. Ra7 a5 35. Ne6 Rf6 36. Rg7+ Kh8 37. Re7 Ne5 38. Re8+ Kh7 39. Ng5+ hxg5 40. Rxe5 Rf4 41. Rxg5 Rb4 42. Kg3 a4 43. Rd5 Kg7 44. h4 Rb2 45. Rd7+ Kf6 46. Rd6+ Kg7 47. Kf4 a3 48. Rd7+ Kf6 49. g5+ Ke6 50. Rg7 b5 51. Rxg6+ Kd5 52. h5 Rxa2 53. h6 Rh2 54. Ra6 b4 55. Kf5 Kd4 56. Kf6 Kc3 57. Kg7 a2 58. h7 Rxh7+ 59. Kxh7 b3 60. g6 b2 61. Rxa2 b1=Q 62. Rh2 Qf5 63. Rh4 Qxf3 64. Kh6 Qe3+ 65. Kh5 Qe5+ 66. Kh6 Qh8+ 67. Kg5 Qd8+ 68. Kh5 Qf6 69. Rg4 Qh8+ 70. Kg5 Kd3 71. Rf4 Qe5+ 1/2-1/2

[Event "ECC"]
[Site "Rethymnon"]
[Date "2003.09.29"]
[Round "2"]
[White "Gelfand, Boris"]
[Black "Cyborowski, Lukasz"]
[Result "1-0"]
[WhiteElo "2695"]
[BlackElo "2550"]
[PlyCount "55"]
[EventDate "2003.09.28"]
[Source "Roberto Alvarez"]
[SourceDate "2003.10.06"]

1. d4 Nf6 2. c4 g6 3. Nc3 d5 4. cxd5 Nxd5 5. e4 Nxc3 6. bxc3 Bg7 7. Nf3 c5 8. Rb1 O-O 9. Be2 b6 10. O-O Bb7 11. Qd3 Ba6 12. Qe3 Qc8 13. d5 Bxe2 14. Qxe2 e5 15. a4 Nd7 16. Nd2 Re8 17. Nc4 Qa6 18. Qa2 Rab8 19. Qb3 Bf8 20. f4 exf4 21. Bxf4 Rxe4 22. Bxb8 Nxb8 23. Nd2 c4 24. Qd1 Re5 25. Qg4 Qxa4 26. Nxc4 f5 27. Rxf5 Nd7 28. Rff1 1-0

[Event "North Sea Cup 16th"]
[Site "Esbjerg"]
[Date "2001.07.14"]
[Round "9"]
[White "Nielsen, Peter Heine"]
[Black "Sutovsky, Emil"]
[Result "1/2-1/2"]
[WhiteElo "2593"]
[BlackElo "2651"]
[PlyCount "49"]
[EventDate "2001.07.06"]
[Source "ChessBase"]
[SourceDate "2001.11.13"]

1. d4 Nf6 2. c4 g6 3. Nc3 d5 4. cxd5 Nxd5 5. e4 Nxc3 6. bxc3 Bg7 7. Nf3 c5 8. Be3 Qa5 9. Qd2 Nc6 10. Rc1 cxd4 11. cxd4 Qxd2+ 12. Kxd2 O-O 13. d5 Rd8 14. Ke1 Na5 15. Bg5 Bd7 16. Bd3 Rdc8 17. Ke2 e6 18. Rxc8+ Rxc8 19. Rc1 Rxc1 20. Bxc1 exd5 21. exd5 b5 22. Bf4 Nc4 23. Bxc4 bxc4 24. Be5 Bf8 25. Kd2 1/2-1/2

[Event "Bundesliga 0001"]
[Site "Germany"]
[Date "2000.12.10"]
[Round "4.1"]
[White "Khenkin, Igor"]
[Black "Ftacnik, Lubomir"]
[Result "1/2-1/2"]
[WhiteElo "2633"]
[BlackElo "2608"]
[PlyCount "29"]
[EventDate "2000.10.14"]
[Source "ChessBase"]
[SourceDate "2001.07.03"]

1. d4 Nf6 2. c4 g6 3. Nc3 d5 4. cxd5 Nxd5 5. e4 Nxc3 6. bxc3 Bg7 7. Nf3 c5 8. Be3 Qa5 9. Qd2 Nc6 10. Rb1 a6 11. Rc1 cxd4 12. cxd4 Qxd2+ 13. Kxd2 e6 14. Bd3 Bd7 15. Rc5 1/2-1/2

[Event "Rubinstein mem"]
[Site "Polanica Zdroj"]
[Date "1996.??.??"]
[Round "11"]
[White "Hracek, Zbynek"]
[Black "Gulko, Boris F"]
[Result "1/2-1/2"]
[WhiteElo "2625"]
[BlackElo "2615"]
[PlyCount "105"]
[EventDate "1996.08.15"]
[Source "ChessBase"]

1. d4 Nf6 2. c4 g6 3. Nc3 d5 4. cxd5 Nxd5 5. e4 Nxc3 6. bxc3 Bg7 7. Nf3 c5 8. Rb1 O-O 9. Be2 Qa5 10. O-O Qxa2 11. Bg5 cxd4 12. cxd4 Re8 13. Bb5 Bd7 14. Bxd7 Nxd7 15. Rxb7 Nf6 16. Qd3 a5 17. d5 a4 18. Ne5 Nxd5 19. exd5 Bxe5 20. Bxe7 a3 21. f4 Rxe7 22. Rxe7 Bf6 23. Rb7 Re8 24. Ra7 Re2 25. Ra8+ Kg7 26. Qf3 Bd4+ 27. Kh1 Re3 28. Qd1 Bf6 29. d6 Re2 30. Rxa3 Qxa3 31. Qxe2 Qxd6 32. g4 h6 33. Kg2 Qd5+ 34. Qf3 Qc4 35. Re1 Qa2+ 36. Qe2 Qb3 37. Qe4 Qa2+ 38. Re2 Qb3 39. Rd2 Qc3 40. Rd7 Qb2+ 41. Kg3 Qc3+ 42. Qd3 Qa1 43. Qc4 Qa3+ 44. Qd3 Qa1 45. Qe3 Qb2 46. Kh3 Qc2 47. Qf3 Qa2 48. Rb7 Qc4 49. Kg3 Qc1 50. Qd3 Qg1+ 51. Kh3 Qf2 52. Qd5 Qe3+ 53. Kg2 1/2-1/2

[Event "Tch (Men) 2005/2006 CRO"]
[Site "?"]
[Date "2006.05.11"]
[Round "2.3"]
[White "Kozul Zdenko"]
[Black "Atalik Suat"]
[Result "1/2-1/2"]
[WhiteElo "2606"]
[BlackElo "2632"]
[PlyCount "89"]
[EventDate "2006.??.??"]
[Source "www.chesslib.no"]
[SourceDate "2004.05.04"]

1. d4 Nf6 2. c4 g6 3. Nc3 d5 4. cxd5 Nxd5 5. e4 Nxc3 6. bxc3 Bg7 7. Nf3 c5 8. Rb1 O-O 9. Be2 cxd4 10. cxd4 Qa5+ 11. Bd2 Qxa2 12. O-O Bg4 13. Bg5 h6 14. Bh4 a5 15. Re1 Bxf3 16. Bxf3 g5 17. Bg3 Nc6 18. e5 Qc4 19. d5 Nd4 20. Be4 b5 21. h4 f5 22. exf6 exf6 23. Rc1 Qb4 24. hxg5 fxg5 25. Bc7 Qb2 26. f3 g4 27. d6 gxf3 28. gxf3 Rae8 29. d7 Nxf3+ 30. Qxf3 Qd4+ 31. Kh1 Qxd7 32. Qg2 Kh8 33. Bh2 Qe6 34. Rc7 Rf7 35. Rxf7 Qxf7 36. Rc1 Qf6 37. Rf1 Qh4 38. Bc6 Re1 39. Bxb5 Rxf1+ 40. Bxf1 Qb4 41. Qa8+ Qf8 42. Qg2 a4 43. Bc4 a3 44. Qd5 a2 45. Bxa2 1/2-1/2

[Event "Corr"]
[Site "?"]
[Date "2000.09.30"]
[Round "?"]
[White "Andriulaitis Vytautas"]
[Black "Nimtz Manfred"]
[Result "1/2-1/2"]
[WhiteElo "2603"]
[BlackElo "2627"]
[PlyCount "122"]
[EventDate "2000.??.??"]
[Source "www.chesslib.no"]
[SourceDate "2004.05.04"]

1. d4 Nf6 2. c4 g6 3. Nc3 d5 4. cxd5 Nxd5 5. e4 Nxc3 6. bxc3 Bg7 7. Nf3 O-O 8. Rb1 c5 9. Be2 b6 10. O-O Bb7 11. Qd3 Ba6 12. Qe3 Qc8 13. d5 Bxe2 14. Qxe2 e6 15. c4 exd5 16. cxd5 Qa6 17. Qc2 Nd7 18. Bg5 b5 19. Be7 Rfe8 20. d6 c4 21. Qe2 Nc5 22. e5 Rab8 23. Nd4 Nd3 24. f4 Qb6 25. Qe4 a6 26. Qd5 Qc5 27. Qxc5 Nxc5 28. Rfd1 Rec8 29. Nc2 Bf8 30. Bh4 Nd7 31. Bf2 Bh6 32. Rd4 a5 33. a3 Re8 34. Re4 Nf6 35. Rd4 Nd7 36. Be1 f6 37. exf6 Re2 38. Rb2 a4 39. Kf1 Re6 40. g3 Bf8 41. Rd5 Rxd6 42. Rdxb5 Rc8 43. f7+ Kxf7 44. Ra5 Nc5 45. Ne3 Nd3 46. Re2 c3 47. Rxa4 Rd7 48. Nc2 Bg7 49. h3 Rb8 50. Nb4 Nc5 51. Ra5 Nb3 52. Rd5 Rbd8 53. Rxd7+ Rxd7 54. Re3 Nd2+ 55. Ke2 Nc4 56. Rd3 Re7+ 57. Kf2 Nb2 58. Rd8 Bf6 59. Rd6 Nc4 60. Rd3 Nb2 61. Rd6 Nc4 1/2-1/2